| 000 | 00442nam a2200169Ia 4500 | ||
|---|---|---|---|
| 003 | LK-CoDNM | ||
| 005 | 20240805113037.0 | ||
| 008 | 010623t1922 xxu||||| |||| 00| 1 eng d | ||
| 040 |
_aLK-CoDNM _dLK-CoDNM _eLK-CoDNM |
||
| 041 | _aeng | ||
| 080 |
_a16 _bD20 |
||
| 100 | _aLaw,Bimala Charan. | ||
| 245 | _aKastriya Clans in Buddhist India | ||
| 260 |
_bThacker,Spink _aCalcutta and Simila _c1922 |
||
| 300 | _b217p, ill ; 22 cm | ||
| 942 | _cBK | ||
| 999 |
_c90993 _d90993 |
||